[Event "Swiss Queens Wed #24 2024"]
[Site "FIDE Online Arena INT"]
[Date "2024.07.10"]
[Round "7.106"]
[White "Krush,I"]
[Black "Sargsyan,Anna M."]
[Result "0-1"]
[WhiteElo "2405"]
[BlackElo "2371"]

1.d4 d5 2.c4 c6 3.cxd5 cxd5 4.Bf4 Nc6 5.e3 Nf6 6.Bb5 Qa5+ 7.Nc3 Bf5 8.Nf3 e6
9.O-O Bb4 10.Ne5 Bxc3 11.Bxc6+ bxc6 12.bxc3 c5 13.g4 Bg6 14.h4 h5 15.g5 Ne4
16.c4 O-O 17.cxd5 exd5 18.dxc5 Rfe8 19.Nxg6 fxg6 20.Qxd5+ Kh7 21.Rac1 Rad8
22.Qf7 Rf8 23.Qc7 Qxa2 24.Qb7 Nd2 25.Rfd1 Qe6 26.Qg2 Nb3 27.Rxd8 Rxd8 28.Rc3 Rd1+
29.Kh2 Nd2 30.c6 Nf1+  0-1

[Event "Swiss Queens Wed #24 2024"]
[Site "FIDE Online Arena INT"]
[Date "2024.07.10"]
[Round "8.81"]
[White "Shukhman,Anna"]
[Black "Krush,I"]
[Result "1-0"]
[WhiteElo "2258"]
[BlackElo "2405"]

1.e4 c5 2.Nf3 d6 3.d4 cxd4 4.Nxd4 Nf6 5.Nc3 Nc6 6.Bg5 e6 7.Qd2 a6 8.O-O-O Be7
9.Nxc6 bxc6 10.Bxf6 gxf6 11.Bc4 d5 12.Bb3 O-O 13.Qh6 Kh8 14.Rd3 Rg8 15.Rh3 Rg7
16.Kb1 a5 17.a4 Ba6 18.Rd1 Rb8 19.exd5 cxd5 20.Ne4 f5 21.Ng3 Bg5 22.Qh5 f4
23.Ne4 Be7 24.Qe5 Qb6 25.Nf6 Qd6 26.Qxd6 Bxd6 27.Ka2 Be7 28.Nd7 Rc8 29.c3 Rxg2
30.Bc2 f5 31.Re1 Bc4+ 32.Bb3 Bxb3+ 33.Kxb3 Rc6 34.Ne5 Rb6+ 35.Ka2 Rxf2 36.Rg1  1-0

[Event "Swiss Queens Wed #24 2024"]
[Site "FIDE Online Arena INT"]
[Date "2024.07.10"]
[Round "9.58"]
[White "Krush,I"]
[Black "Pham Le Thao Nguyen"]
[Result "0-1"]
[WhiteElo "2405"]
[BlackElo "2395"]

1.d4 d5 2.c4 c6 3.cxd5 cxd5 4.Bf4 Nc6 5.e3 Nf6 6.Bb5 Bd7 7.Nc3 a6 8.Bd3 Bg4
9.Nge2 e6 10.O-O Be7 11.Rc1 O-O 12.Na4 Bh5 13.a3 Bg6 14.b4 Nd7 15.Nc5 Nxc5
16.bxc5 b5 17.Bg3 Qa5 18.Qb3 Bxd3 19.Qxd3 Qa4 20.Bc7 Rfc8 21.Bb6 Bd8 22.Bxd8 Rxd8
23.Nf4 Rac8 24.Rc3 h6 25.Qe2 Qa5 26.Rfc1 Qc7 27.Qg4 Qe7 28.h4 Kh7 29.Nh5 g6
30.Nf4 Qf6 31.h5 g5 32.Nd3 Rg8 33.Qg3 Qf5 34.Ne5 Nxe5 35.dxe5 Rc6 36.Qf3 Qxf3
37.gxf3 Kg7 38.Kg2 f6 39.f4 fxe5 40.fxe5 Rf8 41.Kg3 Rf5 42.f4 Kf7 43.Kg4 Ke7
44.Ra1 d4 45.Rd3 dxe3 46.fxg5 Rxg5+ 47.Kf4 Rxc5 48.Rad1 Rgxe5 49.Rd7+ Kf6  0-1

[Event "Swiss Queens Wed #24 2024"]
[Site "FIDE Online Arena INT"]
[Date "2024.07.10"]
[Round "10.34"]
[White "Bulatova,Kamaliya"]
[Black "Krush,I"]
[Result "1-0"]
[WhiteElo "2091"]
[BlackElo "2405"]

1.d4 Nf6 2.Bf4 d6 3.Nc3 Nbd7 4.Nf3 c5 5.d5 g6 6.e4 Bg7 7.Qd2 O-O 8.Bh6 Ng4
9.Bxg7 Kxg7 10.Be2 Nde5 11.Nxe5 Nxe5 12.f4 Nd7 13.O-O f6 14.a4 a6 15.Ra3 Rb8
16.a5 b5 17.axb6 Qxb6 18.Nd1 Qc7 19.Bxa6 Bxa6 20.Rxa6 Ra8 21.Rxa8 Rxa8 22.Qc3 Ra2
23.b3 Qa7 24.Kh1 Ra1 25.h4 Nb6 26.h5 Qa2 27.Ne3 Rxf1+ 28.Nxf1 Qb1 29.Kg1 Qd1
30.Qd3 Qxh5 31.Qb5 Nc8 32.Qe8 Qg4 33.f5  1-0

[Event "Swiss Queens Wed #24 2024"]
[Site "FIDE Online Arena INT"]
[Date "2024.07.10"]
[Round "11.10"]
[White "Krush,I"]
[Black "Gunina,V"]
[Result "0-1"]
[WhiteElo "2405"]
[BlackElo "2435"]

1.d4 d5 2.c4 c6 3.cxd5 cxd5 4.Bf4 Nc6 5.e3 a6 6.Bd3 Nf6 7.Nc3 Bg4 8.Nge2 e6
9.O-O Be7 10.Rc1 O-O 11.Na4 Rc8 12.a3 Bxe2 13.Qxe2 Na5 14.b4 Nc4 15.Nc5 b5
16.Nxa6 Nxa3 17.Bxb5 Qb6 18.Bd3 Bxb4 19.Rb1 Nxb1 20.Rxb1 Ba5 21.Nc5 Qc6 22.g4 Ne4
23.Nxe4 dxe4 24.Bb5 Qd5 25.g5 Bc7 26.Ra1 Bxf4 27.exf4 Qxd4  0-1

[Event "Swiss Queens Wed #25 2024"]
[Site "FIDE Online Arena INT"]
[Date "2024.07.17"]
[Round "1.252"]
[White "Yurukova,Ginka"]
[Black "Krush,I"]
[Result "0-1"]
[WhiteElo "1638"]
[BlackElo "2405"]

1.d4 Nf6 2.Nf3 g6 3.Bf4 Bg7 4.c3 O-O 5.e3 d6 6.Be2 Nbd7 7.Nbd2 Qe8 8.h3 e5
9.Bh2 e4 10.Ng1 Qe7 11.g4 c6 12.Nc4 Ne8 13.Qc2 d5 14.Nd2 Nd6 15.Bxd6 Qxd6
16.O-O-O b5 17.a3 Nb6 18.Bf1 Nc4 19.Bxc4 bxc4 20.Ne2 Rb8 21.Nf4 Bd7 22.f3 exf3
23.Nxf3 Rfe8 24.Qf2 Bh6 25.g5 Bg7 26.h4 Bf5 27.h5 Qe7 28.Rde1 Qe4 29.Kd1 Qb1+
30.Ke2 Rxb2+ 31.Nd2 Rxd2+  0-1

[Event "Swiss Queens Wed #25 2024"]
[Site "FIDE Online Arena INT"]
[Date "2024.07.17"]
[Round "2.225"]
[White "Krush,I"]
[Black "Avramidou,Anastasia"]
[Result "0-1"]
[WhiteElo "2405"]
[BlackElo "2296"]

1.d4 Nf6 2.c4 g6 3.Nc3 d5 4.cxd5 Nxd5 5.e4 Nxc3 6.bxc3 Bg7 7.Qa4+ c6 8.Nf3 O-O
9.Be2 c5 10.Be3 Nc6 11.O-O Qc7 12.Rac1 b6 13.d5 Na5 14.c4 a6 15.Qc2 f5 16.exf5 Bxf5
17.Qd2 Rad8 18.Bf4 Qd7 19.Ne5 Qa4 20.Qe3 Qxa2 21.Nc6 Nxc6 22.dxc6 Bd4 23.Qf3 e5
24.Bh6 e4 25.Qf4 Qxe2 26.c7 Rc8 27.Bxf8 Rxf8 28.Rb1 b5 29.cxb5 axb5 30.Rfe1 Qa2
31.g4 Bd7 32.Qxe4 Qxf2+ 33.Kh1 Qf6 34.Qd5+ Qf7 35.Qxf7+ Rxf7 36.Rf1 Bc6+
37.Rf3 Bxf3+  0-1

[Event "Swiss Queens Wed #25 2024"]
[Site "FIDE Online Arena INT"]
[Date "2024.07.17"]
[Round "3.197"]
[White "Fang,Kun"]
[Black "Krush,I"]
[Result "1-0"]
[WhiteElo "1743"]
[BlackElo "2405"]

1.e4 c5 2.Nf3 d6 3.d4 cxd4 4.Nxd4 Nf6 5.Nc3 Nc6 6.Be2 e6 7.O-O Be7 8.Be3 O-O
9.f4 a6 10.a4 Qc7 11.Qe1 Nxd4 12.Bxd4 e5 13.Be3 exf4 14.Bxf4 Qb6+ 15.Kh1 Qxb2
16.Qd2 Qb4 17.Qe3 Qa5 18.Rad1 Be6 19.Qg3 Kh8 20.Bxd6 Bxd6 21.Rxd6 Rac8 22.Rd3 Rxc3
23.Rxc3 Nxe4 24.Qc7 Nxc3 25.Qxa5 Nxe2 26.Qb6 h6 27.Rd1 Nc3 28.Rd8 Kg8 29.Rxf8+ Kxf8
30.Qc5+  1-0

[Event "Swiss Queens Wed #25 2024"]
[Site "FIDE Online Arena INT"]
[Date "2024.07.17"]
[Round "5.149"]
[White "Burtasova,A"]
[Black "Krush,I"]
[Result "0-1"]
[WhiteElo "2241"]
[BlackElo "2405"]

1.e4 c5 2.c3 d5 3.exd5 Qxd5 4.d4 Nf6 5.Nf3 Bg4 6.Be2 e6 7.h3 Bh5 8.Be3 cxd4
9.cxd4 Nc6 10.Nc3 Qd6 11.O-O Be7 12.a3 O-O 13.Qb3 Rab8 14.Rfd1 Rfd8 15.Rac1 a6
16.Qb6 Nd5 17.Nxd5 Qxd5 18.b4 h6 19.Bc4 Qf5 20.Bd3 Qf6 21.Be4 Rdc8 22.d5 exd5
23.Rxd5 Bd8 24.Qc5 Ne7 25.Rxd8+ Rxd8 26.Qxh5 Ng6 27.Bxg6 fxg6 28.Qg4 g5 29.Nd4 Rd6
30.Rc7 Rbd8 31.Nf5 Rd1+ 32.Kh2 Qe5+ 33.Bf4 Qxf4+ 34.Qxf4 gxf4 35.Rxg7+ Kf8
36.Rxb7 R8d2 37.Nxh6 Rxf2 38.Ng4 Rff1  0-1

[Event "Swiss Queens Wed #25 2024"]
[Site "FIDE Online Arena INT"]
[Date "2024.07.17"]
[Round "6.124"]
[White "Krush,I"]
[Black "Hernandez,Ame"]
[Result "1-0"]
[WhiteElo "2405"]
[BlackElo "1976"]

1.d4 Nf6 2.c4 e6 3.Nc3 Bb4 4.e3 b6 5.Ne2 O-O 6.a3 Bxc3+ 7.Nxc3 Bb7 8.Bd3 d6
9.e4 e5 10.d5 Nbd7 11.b4 a5 12.Bd2 Re8 13.O-O Nf8 14.c5 bxc5 15.bxc5 Ba6
16.Bxa6 Rxa6 17.c6 Ng6 18.Rb1 Nf4 19.Rb7 h6 20.Qf3 Ng6 21.Rfb1 Qe7 22.Nb5 Rc8
23.Na7 Ra8 24.Rb8+ Rxb8 25.Rxb8+ Kh7 26.Rb7 Ne8 27.Qf5 Qd8 28.g3 Nf6 29.h4 Qa8
30.Nb5 Rb6 31.Nxc7 Qb8 32.Rxb8  1-0

[Event "Swiss Queens Wed #25 2024"]
[Site "FIDE Online Arena INT"]
[Date "2024.07.17"]
[Round "7.105"]
[White "Papp,Petra"]
[Black "Krush,I"]
[Result "1-0"]
[WhiteElo "2259"]
[BlackElo "2405"]

1.e4 c5 2.Nf3 d6 3.d4 cxd4 4.Nxd4 Nf6 5.Nc3 Nc6 6.Nd5 Nxe4 7.Nb5 Bf5 8.Nbc7+ Kd7
9.Nxa8 Qxa8 10.Bd3 e6 11.Ne3 Bg6 12.O-O Qd8 13.f3 Nc5 14.Be2 Qh4 15.c3 Kc7
16.b4 Nd7 17.Nc4 d5 18.Na5 Bd6 19.f4 Nxa5 20.bxa5 Nc5 21.Be3 Be4 22.c4 dxc4
23.Bxc4 Rd8 24.Qe2 g5 25.Rac1 Kb8 26.g3 Qh3 27.Bb5 Nd7 28.Bxd7 Rxd7 29.Bxa7+ Kxa7
30.Qxe4 gxf4 31.gxf4 f5 32.Qg2 Qh6 33.Qf2+ Kb8 34.Rcd1 Rg7+ 35.Kh1 Bc7 36.a6 Qf6
37.axb7 Qc3 38.Rc1 Qd3 39.Qf3 Qd2 40.Rfd1 Qxa2 41.Rd8+ Bxd8 42.Rc8+ Ka7 43.b8=Q+  1-0

[Event "Swiss Queens Wed #25 2024"]
[Site "FIDE Online Arena INT"]
[Date "2024.07.17"]
[Round "8.81"]
[White "Shubenkova,Veronika"]
[Black "Krush,I"]
[Result "1-0"]
[WhiteElo "2030"]
[BlackElo "2405"]

1.d3 d5 2.e3 e5 3.Ne2 c5 4.Nd2 Nc6 5.g3 f5 6.Bg2 Nf6 7.O-O Bd6 8.b3 O-O 9.Bb2 Be6
10.d4 cxd4 11.exd4 e4 12.c4 Nb4 13.cxd5 Nfxd5 14.Nc4 Nd3 15.Bc1 Rc8 16.Be3 b5
17.Nxd6 Qxd6 18.Qd2 N5b4 19.Nf4 Rc2 20.Qd1 Rfc8 21.a3 Nb2 22.Qh5 Nd5 23.Nxd5 Qxd5
24.f3 Qxb3 25.Bf4 e3 26.Be5 Nd3 27.Qg5 Nxe5 28.dxe5 Qb2 29.Bh3 Qxe5 30.Rae1 e2
31.Rf2 h6 32.Qf4 Qxf4 33.gxf4 Bc4 34.Bxf5 Bf7 35.Bxc8 Rxc8 36.Rfxe2 Rc3 37.Re3 Rc4
38.Kf2 Rxf4 39.Re5 a6 40.Re7 Ra4 41.R1e3 Bg6 42.Ra7 Bc2 43.Ree7 Rxa3 44.Rxg7+ Kf8
45.Rgc7 Bf5 46.Ra8+  1-0

[Event "Swiss Queens Wed #25 2024"]
[Site "FIDE Online Arena INT"]
[Date "2024.07.17"]
[Round "9.56"]
[White "Krush,I"]
[Black "Michelle Catherina,P"]
[Result "1-0"]
[WhiteElo "2405"]
[BlackElo "2165"]

1.d4 Nf6 2.c4 e6 3.Nc3 c5 4.d5 exd5 5.cxd5 d6 6.Nf3 g6 7.Bf4 a6 8.a4 Bg7
9.e3 Bg4 10.Be2 O-O 11.O-O Nh5 12.Bg5 Bf6 13.Bh6 Bg7 14.Bxg7 Kxg7 15.Nd2 Bxe2
16.Qxe2 Nd7 17.Nc4 Nb6 18.b3 Nf6 19.e4 Re8 20.Qd3 Qc7 21.a5 Nbd7 22.f4 b5
23.axb6 Nxb6 24.e5 dxe5 25.fxe5 Ng4 26.d6 Qb7 27.Nxb6 Nxe5 28.Qd5 Qxb6 29.d7 c4+
30.Kh1 Rad8 31.dxe8=Q  1-0

[Event "Swiss Queens Wed #25 2024"]
[Site "FIDE Online Arena INT"]
[Date "2024.07.17"]
[Round "10.34"]
[White "Owezdurdiyeva,J"]
[Black "Krush,I"]
[Result "0-1"]
[WhiteElo "2116"]
[BlackElo "2405"]

1.e4 c5 2.Nf3 d6 3.c3 Nf6 4.Bd3 Bg4 5.h3 Bxf3 6.Qxf3 Nc6 7.Qe2 g6 8.O-O Bg7
9.Bc2 O-O 10.d3 b5 11.Bg5 b4 12.Qd2 bxc3 13.bxc3 Qa5 14.Bh6 Rab8 15.Bxg7 Kxg7
16.a4 Qc7 17.Na3 Na5 18.Rab1 a6 19.f4 Qc6 20.c4 Qc7 21.Rbe1 Nc6 22.Bd1 Rb4
23.Qc3 Kg8 24.e5 Nd7 25.e6 Nf6 26.exf7+ Rxf7 27.f5 Nd4 28.Nc2 Rb3 29.Qd2 Rb2
30.fxg6 hxg6 31.Qc1 Qb7 32.Nxd4 Qxg2+  0-1

[Event "Swiss Queens Wed #25 2024"]
[Site "FIDE Online Arena INT"]
[Date "2024.07.17"]
[Round "11.16"]
[White "Krush,I"]
[Black "Shukhman,Anna"]
[Result "1-0"]
[WhiteElo "2405"]
[BlackElo "2258"]

1.d4 Nf6 2.c4 e6 3.Nc3 Bb4 4.e3 O-O 5.Bd3 d5 6.cxd5 exd5 7.Ne2 c6 8.O-O Re8
9.Bd2 Bd6 10.Rc1 Bxh2+ 11.Kxh2 Ng4+ 12.Kg3 h5 13.Rh1 h4+ 14.Rxh4 Nxf2 15.Kxf2 Qxh4+
16.Kg1 Bg4 17.Qf1 Nd7 18.Qf4 g6 19.Be1 Qh5 20.Ng3 Qh4 21.Nf5 Qh5 22.Nh6+  1-0

[Event "Swiss Queens Wed #26 2024"]
[Site "FIDE Online Arena INT"]
[Date "2024.07.25"]
[Round "1.248"]
[White "Krumina,L"]
[Black "Krush,I"]
[Result "0-1"]
[WhiteElo "2091"]
[BlackElo "2405"]

1.d4 Nf6 2.Nf3 g6 3.c4 Bg7 4.Nc3 O-O 5.e4 d6 6.h3 Na6 7.g4 e5 8.d5 Nc5 9.Nd2 a5
10.Rg1 c6 11.Be2 a4 12.Qc2 Qa5 13.h4 Bd7 14.g5 Nh5 15.Bxh5 gxh5 16.Nf1 b5
17.Ne3 b4 18.Ne2 b3+ 19.Qc3 bxa2 20.Qxa5 Rxa5 21.Bd2 Ra6 22.Rxa2 Nxe4 23.f3 Nc5
24.Bc3 Rb6 25.Ng3 Nd3+ 26.Kd2 Nf4 27.Rxa4 Rfb8 28.Ra7 R6b7 29.Rxb7 Rxb7 30.Nef5 Bf8
31.Nh6+ Bxh6 32.gxh6 Kf8 33.Ne4 cxd5 34.Nxd6 Rb6 35.Bxe5 Ng6 36.f4 Nxe5 37.fxe5 Rxb2+
38.Kc3 Rh2 39.cxd5 Rxh4 40.Rf1 Be8 41.e6 Rg4 42.Nxf7 Ke7 43.Rf5 h4 44.Rf3 Rg3
45.Rxg3 hxg3 46.Ng5 Bh5 47.Nh3 Bf3 48.Kd4 Kd6 49.Ng1 Bxd5 50.e7 Bc6 51.Ke3 Kxe7
52.Kf4 g2 53.Kg3 Kf6 54.Nh3 Kf5 55.Nf2 Kg6 56.Ng4 Kg5 57.Ne5 g1=Q+ 58.Kh3 Qg2+  0-1

[Event "Swiss Queens Wed #26 2024"]
[Site "FIDE Online Arena INT"]
[Date "2024.07.25"]
[Round "3.201"]
[White "Vujovic,Vera"]
[Black "Krush,I"]
[Result "1-0"]
[WhiteElo "2135"]
[BlackElo "2405"]

1.e4 c5 2.Nf3 d6 3.d4 cxd4 4.Nxd4 Nf6 5.Nc3 Nc6 6.Bg5 e6 7.Qd2 a6 8.f4 h6
9.Bh4 Nxe4 10.Bxd8 Nxd2 11.Nxc6 bxc6 12.Ba5 Nxf1 13.Rxf1 c5 14.O-O-O Bb7
15.g3 d5 16.Ne2 Be7 17.c3 O-O 18.Kc2 f6 19.Rde1 Kf7 20.Nc1 d4 21.cxd4 cxd4
22.Nb3 Rac8+ 23.Kd3 Bc5 24.Nxc5 Rxc5 25.Bb4 Rfc8 26.Bxc5 Rxc5 27.Kxd4 Rc2
28.Rb1 Rxh2 29.Rfc1 Bd5 30.Rc7+ Kg6 31.b4 Rxa2 32.Ra7 Ra3 33.Rg1 h5 34.Kc5 Ra2
35.Kb6 Bc4 36.Rc1 Bb5 37.Rcc7 Kf5 38.Rxg7 Rb2 39.Kc5 Rc2+ 40.Kd6 Rd2+ 41.Ke7 Rd4
42.Rf7 Rxb4 43.Rxf6+ Kg4 44.Rg6+ Kf3 45.Kxe6 Bc4+ 46.Ke5 Bd3 47.Rg5 Rb5+
48.Kf6 Rb6+ 49.Kg7 Rd6 50.f5 Ke4 51.f6 Kf3 52.f7 Rd8 53.f8=Q+  1-0

[Event "Swiss Queens Wed #26 2024"]
[Site "FIDE Online Arena INT"]
[Date "2024.07.25"]
[Round "4.171"]
[White "Krush,I"]
[Black "Kubicka,Anna"]
[Result "1-0"]
[WhiteElo "2405"]
[BlackElo "2334"]

1.d4 Nf6 2.c4 c5 3.d5 e6 4.Nc3 exd5 5.cxd5 d6 6.e4 g6 7.f4 Bg7 8.Bb5+ Nfd7
9.a4 O-O 10.Nf3 Na6 11.O-O Nb4 12.Re1 a6 13.Bf1 Nf6 14.h3 Re8 15.Nd2 Nh5
16.Nf3 Ng3 17.Bc4 f5 18.e5 Ne4 19.Nxe4 fxe4 20.Rxe4 Bf5 21.Re2 dxe5 22.fxe5 Kh8
23.Bg5 Qb8 24.Qd2 b5 25.axb5 axb5 26.Rxa8 Qxa8 27.Bxb5 Rb8 28.Bc4 Nc2 29.d6 Qa1+
30.Kh2 Nd4 31.Nxd4 cxd4 32.Qxd4 Qa4 33.Bf6 Qc6 34.Bxg7+ Kxg7 35.e6+ Kh6 36.Qf4+ g5
37.Qxf5 Qxd6+ 38.Qe5 Qe7 39.Rf2 Rf8 40.Rxf8 Qxf8 41.e7 Qe8 42.Qf6+  1-0

[Event "Swiss Queens Wed #26 2024"]
[Site "FIDE Online Arena INT"]
[Date "2024.07.25"]
[Round "5.150"]
[White "Paragua,Megan Althea"]
[Black "Krush,I"]
[Result "1-0"]
[WhiteElo "2041"]
[BlackElo "2405"]

1.e4 c5 2.Nf3 Nc6 3.c3 Nf6 4.e5 Nd5 5.Bc4 e6 6.O-O d6 7.Bxd5 exd5 8.exd6 Bxd6
9.d4 O-O 10.Bg5 f6 11.Bh4 Bg4 12.Na3 a6 13.Nc2 c4 14.Ne3 Bh5 15.Re1 Qd7 16.Qe2 Rfe8
17.Bg3 Bf8 18.b3 b5 19.a4 cxb3 20.axb5 axb5 21.Qxb5 Bf7 22.Qxb3 Na5 23.Qc2 Nc4
24.Nxc4 dxc4 25.h3 h5 26.Rxe8 Rxe8 27.Re1 Rxe1+ 28.Nxe1 g5 29.Nf3 h4 30.Bh2 Kg7
31.Nd2 Bd5 32.Nf1 Qe6 33.Ne3 Be4 34.Qa4 Bd3 35.Qa7+ Kg6 36.Qb8 Be7 37.Qe8+ Qf7
38.Qxf7+ Kxf7 39.f3 Ba3 40.Kf2 Bb2 41.Nd1 Ba1 42.Bd6 Ke6 43.Bb4 f5 44.Ne3 f4
45.Nd1 Kd5 46.Ke1 Kc6 47.Nf2 Kd5 48.Nxd3 cxd3 49.Kd2 Kc4 50.d5 Kxd5 51.Kxd3 Bb2
52.Kc2 Ba1 53.Kb1  1-0

[Event "Swiss Queens Wed #26 2024"]
[Site "FIDE Online Arena INT"]
[Date "2024.07.25"]
[Round "6.118"]
[White "Krush,I"]
[Black "Fierro Baquero,M"]
[Result "0-1"]
[WhiteElo "2405"]
[BlackElo "2273"]

1.d4 g6 2.c4 Bg7 3.e4 d6 4.Nc3 Nc6 5.d5 Nd4 6.Be3 c5 7.Nge2 Nxe2 8.Bxe2 Nf6
9.O-O O-O 10.f4 Nd7 11.Qd2 a6 12.a4 Rb8 13.Kh1 Nf6 14.e5 Ng4 15.Bxg4 Bxg4
16.Rae1 Qa5 17.h3 Bd7 18.Bf2 Qb4 19.Qe2 Bxa4 20.Nxa4 Qxa4 21.Bh4 Rfe8 22.e6 f5
23.g4 Qb3 24.Rf3 Qxb2 25.Qxb2 Bxb2 26.gxf5 gxf5 27.Rg1+ Kh8 28.Rfg3 Bd4 29.R1g2 b5
30.cxb5 axb5 31.Ra3 b4 32.Ra7 b3 33.Rxe7 b2 34.Rxe8+ Rxe8  0-1

[Event "Swiss Queens Wed #26 2024"]
[Site "FIDE Online Arena INT"]
[Date "2024.07.25"]
[Round "7.95"]
[White "Nikitina,E"]
[Black "Krush,I"]
[Result "0-1"]
[WhiteElo "1998"]
[BlackElo "2405"]

1.d4 Nf6 2.Nf3 g6 3.g3 Bg7 4.Bg2 O-O 5.O-O d6 6.c4 Nc6 7.Nc3 e5 8.d5 Nb8
9.e4 a5 10.b3 Na6 11.Bg5 h6 12.Bd2 Nc5 13.Qc2 Ne8 14.a3 a4 15.b4 Nb3 16.Rad1 Nxd2
17.Nxd2 Bd7 18.f4 exf4 19.gxf4 f5 20.Rde1 fxe4 21.Bxe4 Qh4 22.Bxg6 Bh3 23.f5 Qd4+
24.Rf2 Qxc3 25.Qxc3 Bxc3 26.Re4 Ng7 27.Nb1 Be5 28.Rh4 Bxf5 29.Bxf5 Nxf5 30.Rg4+ Kh7
31.Nd2 Bd4  0-1

[Event "Swiss Queens Wed #26 2024"]
[Site "FIDE Online Arena INT"]
[Date "2024.07.25"]
[Round "8.74"]
[White "Krush,I"]
[Black "Preobrazhenskaya,Diana"]
[Result "1-0"]
[WhiteElo "2405"]
[BlackElo "2023"]

1.d4 Nf6 2.c4 e6 3.Nc3 Bb4 4.e3 O-O 5.Bd3 d5 6.cxd5 exd5 7.Ne2 Re8 8.Bd2 c6
9.O-O Bd6 10.Rc1 Bxh2+ 11.Kxh2 Ng4+ 12.Kg3 Qg5 13.f4 Qf6 14.e4 h5 15.e5 h4+
16.Kf3 Qh6 17.Ng3 hxg3 18.Rh1 Qe6 19.Kxg3 f5 20.Rh5 Qg6 21.Rg5 Qh6 22.Qh1 Qe6
23.Bxf5 Qe7 24.Qh7+ Kf8 25.Qh8+ Kf7 26.Qxg7+  1-0

[Event "Swiss Queens Wed #26 2024"]
[Site "FIDE Online Arena INT"]
[Date "2024.07.25"]
[Round "9.55"]
[White "Krush,I"]
[Black "Shukhman,Anna"]
[Result "0-1"]
[WhiteElo "2405"]
[BlackElo "2258"]

1.d4 d5 2.c4 e5 3.dxe5 Ne7 4.Nf3 Nbc6 5.e3 Be6 6.Nbd2 Ng6 7.cxd5 Bxd5 8.e4 Be6
9.Bb5 Qd7 10.O-O a6 11.Ba4 b5 12.Bc2 Ncxe5 13.Ng5 Bg4 14.f3 h6 15.Nxf7 Nxf7
16.fxg4 Nfe5 17.h3 O-O-O 18.a4 Bb4 19.Nf3 Qc6 20.Qe2 Nxf3+ 21.gxf3 Bd2 22.Bxd2 Qxc2
23.Rfd1 Nf4 24.Qe3 Nxh3+ 25.Kg2 Rd3 26.Qa7 Nf4+ 27.Kg3 Ne2+ 28.Kf2 Rxd2 29.Qa8+ Kd7
30.Qxh8 Rxd1 31.Qxg7+ Kc6 32.Qxh6+ Kb7 33.Rxd1 Qxd1 34.axb5 axb5 35.Qe3 Nd4
36.g5 Qc2+ 37.Kg3 Ne2+ 38.Kg4 Nc1 39.g6 Qg2+ 40.Kf5 Ne2 41.Kf6 Ng3 42.Qg5 Qxb2+
43.Kf7 Qb3+ 44.Kf8 Qxf3+ 45.Ke8 Qxe4+ 46.Kd7 Qf5+ 47.Qxf5 Nxf5  0-1

[Event "Swiss Queens Wed #26 2024"]
[Site "FIDE Online Arena INT"]
[Date "2024.07.25"]
[Round "10.32"]
[White "Shubenkova,Veronika"]
[Black "Krush,I"]
[Result "1/2-1/2"]
[WhiteElo "2030"]
[BlackElo "2405"]

1.d3 d5 2.e3 e5 3.Ne2 c5 4.Nd2 Nc6 5.g3 f5 6.Bg2 Nf6 7.O-O Bd6 8.b3 O-O 9.Bb2 Be6
10.h3 Qd7 11.f4 e4 12.Bxf6 Rxf6 13.dxe4 dxe4 14.Nc4 Bf8 15.Qxd7 Bxd7 16.Nc3 Be6
17.Ne5 Nxe5 18.fxe5 Rf7 19.Rad1 g6 20.Nb5 Bg7 21.Rd6 Re8 22.Nxa7 Bxe5 23.Rd2 Bxg3
24.Rfd1 Ra8 25.Rd8+ Rf8 26.Rxf8+ Kxf8 27.Nb5 Rxa2 28.Rd2 Bxb3 29.Rd8+ Ke7
30.Rh8 Bc4 31.Rxh7+ Kf6 32.Bxe4 fxe4 33.Nc3 Ra1+ 34.Kg2 Be5 35.Nxe4+ Kf5
36.Nxc5 Ra2 37.Kf3 Rxc2 38.e4+ Kf6 39.Nd7+ Ke6 40.Nc5+ Kd6 41.Nxb7+ Kc6 42.Nd8+ Kc5
43.Nf7 Rc3+ 44.Kf2 Bxf7 45.Rxf7 Rxh3 46.Rd7 Bd4+ 47.Ke2 Re3+ 48.Kf2 Rxe4+
49.Kf3 Re6 50.Kg4 Kc4 51.Rd8 Kd3 52.Kg5 Ke2 53.Rxd4 Ke3 54.Ra4 Kf3 55.Rb4 Kf2
56.Ra4 Kf3 57.Rb4 Kf2 58.Ra4 Kf3  1/2-1/2

[Event "Swiss Queens Wed #26 2024"]
[Site "FIDE Online Arena INT"]
[Date "2024.07.25"]
[Round "11.11"]
[White "Krush,I"]
[Black "Nguyen Hong Nhung"]
[Result "0-1"]
[WhiteElo "2405"]
[BlackElo "2077"]

1.d4 f5 2.Nf3 Nf6 3.g3 g6 4.Bg2 Bg7 5.O-O O-O 6.b4 d6 7.Bb2 Qe8 8.c3 e5 9.e3 e4
10.Nfd2 Nc6 11.Qb3+ Be6 12.c4 Ne7 13.d5 Bd7 14.Nc3 g5 15.a4 Qh5 16.Qd1 Qh6
17.Ne2 Ng4 18.h3 Bxb2 19.Rb1 Nxe3 20.fxe3 Be5 21.Qe1 g4 22.Nf4 Bxf4 23.Rxf4 gxh3
24.Rh4 Qg5 25.Rxh3 Ng6 26.Qe2 Rf7 27.Re1 Rg7 28.Nf1 Ne5 29.Rh5 Qg6 30.Rh4 Bxa4
31.b5 a6 32.Ra1 Bb3 33.bxa6 bxa6 34.Rc1 a5 35.Rh3 a4 36.Nd2 Rb8 37.Rb1 Rb4
38.Qe1 Nxc4 39.Nxe4 Rb6 40.Nd2 Nxd2 41.Qxd2 a3 42.Qc3 a2 43.Ra1 Qg4 44.Kf2 Re7
45.Qf6 Rf7 46.Qd8+ Kg7 47.Rh4 Qg6 48.Bf3 Bc4 49.Rh5 Rb2+ 50.Ke1 Rb1+ 51.Kd2 Rxa1
52.Rg5 Rb1 53.Rxg6+ hxg6 54.Qa8 a1=Q  0-1

[Event "WSCC Speed Play-In 1 2024"]
[Site "chess.com INT"]
[Date "2024.08.12"]
[Round "1"]
[White "Krush,I"]
[Black "Rida,Ruqayyah"]
[Result "1-0"]
[WhiteElo "2405"]
[BlackElo "2110"]

1.d4 Nf6 2.c4 g6 3.Nc3 Bg7 4.e4 d6 5.h3 O-O 6.Be3 e5 7.d5 Nbd7 8.g4 Nc5 9.f3 a5
10.Nge2 Ne8 11.Qd2 f5 12.O-O-O f4 13.Bf2 Qe7 14.h4 c6 15.h5 g5 16.Kb1 h6
17.Nc1 a4 18.Nd3 Nxd3 19.Bxd3 Nf6 20.dxc6 bxc6 21.c5 Be6 22.cxd6 Qxd6 23.Bc4 Qe7
24.Bc5 Qxc5 25.Bxe6+ Kh8 26.a3 Rfe8 27.Ba2 Rab8 28.Ka1 Bf8 29.Nxa4 Qa7 30.Qc2 c5
31.Rd3 Rec8 32.Qc4 Rc6 33.Rhd1 Ra6 34.Rd7 Rb7 35.Rxb7 Qxb7 36.Rd8 Kg7 37.Nxc5 Bxc5
38.Qxc5 Nd7 39.Qe7+  1-0

[Event "WSCC Speed Play-In 1 2024"]
[Site "chess.com INT"]
[Date "2024.08.12"]
[Round "2"]
[White "Krush,I"]
[Black "Osmak,Yuliia"]
[Result "1-0"]
[WhiteElo "2405"]
[BlackElo "2471"]

1.d4 Nf6 2.c4 e6 3.Nc3 Bb4 4.e3 O-O 5.Bd3 c5 6.Nf3 b6 7.O-O Bb7 8.Nb5 cxd4
9.a3 Be7 10.exd4 d5 11.Bg5 Nbd7 12.Qe2 dxc4 13.Bxc4 a6 14.Nc3 b5 15.Bb3 Nb6
16.Rad1 Nfd5 17.Bd2 Nxc3 18.Bxc3 Bd5 19.Bc2 Bc4 20.Qe4 f5 21.Qe3 Bxf1 22.Qxe6+ Kh8
23.Kxf1 Rf6 24.Qe2 Nd5 25.Ne5 Nxc3 26.bxc3 Bxa3 27.Qh5 g6 28.Qf3 Rc8 29.c4 Bd6
30.c5 Bf8 31.Bb3 Qc7 32.c6 Bd6 33.Nd7 Be7 34.Nxf6 Bxf6 35.d5 Be5 36.d6 Bxd6
37.Qd5 Be5 38.Re1 Bg7 39.Qd7 h6 40.Re8+ Rxe8 41.Bg8 Rxg8 42.Qxc7 Re8 43.Qb7 Be5
44.g3 Rd8 45.c7 Rd1+ 46.Kg2 Bxc7 47.Qxc7 Re1 48.Qc8+ Kh7 49.Qb7+ Kg8 50.Qxa6  1-0

[Event "WSCC Speed Play-In 1 2024"]
[Site "chess.com INT"]
[Date "2024.08.12"]
[Round "3"]
[White "Nurman,Alua"]
[Black "Krush,I"]
[Result "1-0"]
[WhiteElo "2324"]
[BlackElo "2405"]

1.e4 c5 2.Nf3 d6 3.d4 cxd4 4.Nxd4 Nf6 5.Nc3 Nc6 6.Bg5 e6 7.Qd2 a6 8.O-O-O Be7
9.f4 Bd7 10.Nf3 b5 11.Bxf6 gxf6 12.f5 Qa5 13.Kb1 h5 14.Bd3 O-O-O 15.Qf2 Kb8
16.Ne2 Nb4 17.a3 Nxd3 18.Rxd3 Bc6 19.Qe3 e5 20.Nc3 Rc8 21.Rhd1 Rhg8 22.g3 Rg4
23.Nd2 Qc7 24.Nf1 Qa7 25.Qf3 Qb7 26.Nd5 Bxd5 27.Rxd5 Qc6 28.Ne3 Rg5 29.R5d2 Bf8
30.Nd5 Qc5 31.Nxf6 Rc7 32.Nd5 Rc8 33.Nb4 Kb7 34.Rd5 Qc4 35.R5d3 Rg4 36.Re1 a5
37.Rc3 Qd4 38.Rxc8 Kxc8 39.Nd5 Kb7 40.Nf6 Rg5 41.Rd1  1-0

[Event "WSCC Speed Play-In 1 2024"]
[Site "chess.com INT"]
[Date "2024.08.12"]
[Round "4"]
[White "Krush,I"]
[Black "Khotenashvili,B"]
[Result "0-1"]
[WhiteElo "2405"]
[BlackElo "2427"]

1.d4 g6 2.c4 Bg7 3.e4 c5 4.d5 d6 5.Nc3 Bxc3+ 6.bxc3 e5 7.g3 Nd7 8.Bd3 Qf6
9.Nf3 h6 10.O-O Ne7 11.Nh4 g5 12.Ng2 Ng6 13.Be2 Qe7 14.Bg4 Nf6 15.Bxc8 Rxc8
16.f3 b6 17.Ne3 Qd7 18.a4 a5 19.Rb1 Rb8 20.Rf2 Qc7 21.Rfb2 Nd7 22.Rb5 Ne7
23.Qe2 Kd8 24.Bd2 Qc8 25.Be1 Kc7 26.Qb2 h5 27.Qe2 Rf8 28.g4 hxg4 29.fxg4 Ng6
30.Bg3 Rh8 31.Nf5 Qf8 32.Qd2 f6 33.Qe3 Nf4 34.Qd2 Rb7 35.Qe3 Ra7 36.Qd2 Qf7
37.Qe3 Qh7 38.Qd2 Nh3+ 39.Kg2 Nf4+ 40.Kg1 Ra6 41.Qe3 Nf8 42.Qd2 N8g6 43.Qb2 Rb8
44.Qd2 Ne7 45.Rf1 Nxf5 46.exf5 Rh8 47.Rfb1 Qh6 48.Qb2 Rb8 49.Qd2 Qh7 50.Qe3 Qe7
51.Qd2 Qd7 52.R1b2 Re8 53.Qe3 Qe7 54.Qe4 Qd7 55.Qe3 Qe7 56.Qe4 Qh7 57.Kf1 Qh6
58.Kg1 Qh3 59.Qe3 Qxg4 60.Qe4 Qd1+ 61.Qe1 Qh5 62.Qb1 Rb8 63.Qe1 Nh3+ 64.Kg2 Qg4
65.Kh1 Qxf5 66.Qe3 Nf4 67.Qf3 Qd3 68.Rb1 Qxf3+  0-1

[Event "WSCC Speed Play-In 1 2024"]
[Site "chess.com INT"]
[Date "2024.08.12"]
[Round "5"]
[White "Siekanska,Maria"]
[Black "Krush,I"]
[Result "1/2-1/2"]
[WhiteElo "2097"]
[BlackElo "2405"]

1.d4 Nf6 2.c4 g6 3.Nc3 Bg7 4.e4 O-O 5.Nf3 d6 6.Be2 Nbd7 7.Bg5 h6 8.Bh4 e5
9.d5 g5 10.Bg3 Nh5 11.h4 Nxg3 12.fxg3 g4 13.Nd2 h5 14.O-O a5 15.Bd3 Nc5 16.Bc2 Qe8
17.Qe2 Bd7 18.Rf2 f6 19.Nf1 Bh6 20.Ne3 Qg6 21.Raf1 Rf7 22.Nf5 Raf8 23.b3 b6
24.a3 Kh7 25.b4 axb4 26.axb4 Na6 27.Rb1 Nb8 28.Ra1 Bc8 29.Ra7 Na6 30.c5 Nxb4
31.cxd6 cxd6 32.Rxf7+ Rxf7 33.Nxd6 Rc7 34.Ndb5 Rc5 35.Bb1 Ba6 36.Qb2 Bxb5
37.Qxb4 Be3 38.d6 Qe8 39.Qb2 Bxf2+ 40.Kxf2 Qc6 41.Nxb5 Rxb5 42.Qa2 Rc5 43.Qf7+ Kh8
44.Qxf6+ Kh7 45.Qf7+ Kh6 46.Qf6+ Kh7 47.Qf7+ Kh6 48.Qf6+ Kh7  1/2-1/2